Žena v stredovekom a novovekom Uhorsku : právne postavenie šľachtičnej /

Hlavní autor: Laclavíková, Miriam, 1975-
Další autoři: Pollák, Adriana, 1977-
Jazyk: Slovenština
Vydáno: Praha : Leges, 2022
Vydání: 2. prepracované a doplnené vydanie
Edice: Teoretik
Témata:
Fyzický popis: 223 stran : barevné ilustrace, portréty ; 21 cm
Language note: Anglické resumé
Knihy
Uloženo v:
LEADER 02482nam a2200661 i 4500
001 nkc20223457948
003 CZ PrNK
005 20221201160448.0
007 ta
008 220930s2022 xr ac f 000 0 slo
015 |a cnb003457948 
020 |a 978-80-7502-629-3  |q (brožováno) 
035 |a (OCoLC)1357140339 
040 |a ABA001  |b cze  |d BOA001  |d ABA001  |e rda 
041 0 |a slo  |b eng 
043 |a e-xo---  |a e-hu--- 
045 |a o-w- 
072 7 |a 347  |x Soukromé právo  |2 Konspekt  |9 16 
080 |a 929.7-055.2  |2 MRF 
080 |a 347.65/.68  |2 MRF 
080 |a 347.23  |2 MRF 
080 |a 340.141  |2 MRF 
080 |a (437.6)  |2 MRF 
080 |a (439)  |2 MRF 
080 |a (048.8)  |2 MRF 
100 1 |a Laclavíková, Miriam,  |d 1975-  |7 pna2010567987  |4 aut 
245 1 0 |a Žena v stredovekom a novovekom Uhorsku :  |b právne postavenie šľachtičnej /  |c Miriam Laclavíková, Adriana Švecová 
250 |a 2. prepracované a doplnené vydanie 
264 1 |a Praha :  |b Leges,  |c 2022 
300 |a 223 stran :  |b barevné ilustrace, portréty ;  |c 21 cm 
336 |a text  |b txt  |2 rdacontent 
337 |a bez média  |b n  |2 rdamedia 
338 |a svazek  |b nc  |2 rdacarrier 
490 1 |a Teoretik 
504 |a Obsahuje bibliografii a bibliografické odkazy 
546 |a Anglické resumé 
648 7 |a 11.-19. století  |7 ch757115  |2 czenas 
650 0 7 |a šlechtičny  |7 ph127828  |z Slovensko  |y 11.-19. století  |2 czenas 
650 0 7 |a šlechtičny  |7 ph127828  |z Maďarsko  |y 11.-19. století  |2 czenas 
650 0 7 |a šlechtičny  |7 ph127828  |x právní postavení  |2 czenas 
650 0 7 |a dědické právo  |7 ph119691  |y 11.-19. století  |2 czenas 
650 0 7 |a vlastnické právo  |7 ph172912  |y 11.-19. století  |2 czenas 
650 0 7 |a zvykové právo  |7 ph127705  |2 czenas 
650 0 9 |a noblewomen  |z Slovakia  |y 11th-19th centuries  |2 eczenas 
650 0 9 |a noblewomen  |z Hungary  |y 11th-19th centuries  |2 eczenas 
650 0 9 |a noblewomen  |x legal status, laws, etc  |2 eczenas 
650 0 9 |a inheritance and succession  |y 11th-19th centuries  |2 eczenas 
650 0 9 |a right of property  |y 11th-19th centuries  |2 eczenas 
650 0 9 |a common law  |2 eczenas 
655 7 |a monografie  |7 fd132842  |2 czenas 
655 9 |a monographs  |2 eczenas 
700 1 |a Pollák, Adriana,  |d 1977-  |7 jx20090514007  |4 aut 
830 0 |a Teoretik  |0 s 
910 2 |a BOA001  |b 2-1495.718 
990 |a BK 
995 |a 01 
991 |b 202211  |c NOV 
996 6 |b 2610920734  |c 2-1495.718  |l MZK  |r Sklad / do 1 hodiny  |n 0  |p p.v.  |w 001904913  |u 000010  |a 1  |e BOA001  |j MZK50  |s P